10 Δυτικότερες Πολιτείες των ΗΠΑ - Statistics

General Stats
  • This quiz has been taken 15 times
  • The average score is 5 of 10
Answer Stats
Γεωγραφικό Μήκος Πολιτεία % Correct
124.4 °Δ Καλιφόρνια
100%
124.8 °Δ Ουάσινγκτον
77%
124.6 °Δ Όρεγκον
54%
120.0 °Δ Νεβάδα
54%
179.1 °Δ Αλάσκα
38%
178.3 °Δ Χαβάη
38%
117.2 °Δ Αϊντάχο
38%
114.0 °Δ Γιούτα
38%
114.8 °Δ Αριζόνα
31%
116.0 °Δ Μοντάνα
23%
No matching quizzes found
Score Distribution
Percent of People with Each Score
Percentile by Number Answered
Your Score History
You have not taken this quiz